Integracao latino-americana: forcas políticas em choque, experiencias e perspectivas /

sin resumen

Uloženo v:
Podrobná bibliografie
Hlavní autor: Dos Santos, Theotonio
Médium: Text
Tagy: Přidat tag
Žádné tagy, Buďte první, kdo vytvoří štítek k tomuto záznamu!

MARC

LEADER 00000 a a2200000 04500
001 14019
003
040
100 |a Dos Santos, Theotonio  
245 |a Integracao latino-americana:   |b forcas políticas em choque, experiencias e perspectivas /  |c Theotonio Dos Santos 
520 |a sin resumen  
773 |g volumen 1, número 1; páginas 71-90  
999 |c 25155  |d 25155 
773 0 |0 43976  |9 6363  |a Universidade de Brasilia.  |d Brasilia: Universidade de Brasilia. Departamento de Ciencia Política e Relaçoes Internacionales, 1989-  |o MFN: 1769  |t Revista Brasileira de Ciencia Política /  |x 01033352